Państwa Azji z najniższym PKB na mieszkańca (PPP) - Statystyki

Ogólne statystyki
  • Ten quiz został rozwiązany 59 razy
  • Średni wynik to 6 z 9
Statystyki odpowiedzi
PKB na mieszkańca (PPP) Kraj % Poprawnych
$1 924 Jemen
82%
$5 323 Kirgistan
80%
$2 474 Afganistan
78%
$3 856 Tadżykistan
78%
$5 224 Pakistan
74%
$4 831 Mjanma
68%
$5 690 Nepal
68%
$4 930 Kambodża
58%
$3 119 Timor Wschodni
52%
Nie znaleziono quizów pasujących do podanych kryteriów
Rozkład punktacji
Procent ludzi z każdym wynikiem
Percentyl według liczby udzielonych odpowiedzi
Twoja historia wyników
Nie rozwiązałeś tego quizu